书目信息 |
| 题名: |
二十世纪西方文学理论
|
|
| 作者: | 伊格尔顿 著 ;伍晓明 译 | |
| 分册: | ||
| 出版信息: | 北京 北京大学出版社 2007.01 |
|
| 页数: | 290页 | |
| 开本: | 23cm | |
| 丛书名: | 博雅同文馆 | |
| 单 册: | ||
| 中图分类: | I0 | |
| 科图分类: | ||
| 主题词: | 文学理论--wen xue li lun--西方国家--20世纪 | |
| 电子资源: | ||
| ISBN: | 978-7-301-08984-2 | |
| 000 | 01207nam 2200289 450 | |
| 001 | 012007838549 | |
| 005 | 20070926104026.60 | |
| 010 | @a978-7-301-08984-2@dCNY28.00 | |
| 100 | @a20070724d2007 km y0chiy0120 ea | |
| 101 | 1 | @achi@ceng |
| 102 | @aCN@b110000 | |
| 105 | @ay a 001yy | |
| 200 | 1 | @a二十世纪西方文学理论@Aer shi shi ji xi fang wen xue li lun@d= Literary theory an introduction@f(英) 特雷·伊格尔顿著@F(ying)te lei·yi ge er dun zhu@g伍晓明译@Gwu xiao ming yi@zeng |
| 210 | @a北京@c北京大学出版社@d2007.01 | |
| 215 | @a290页@d23cm | |
| 225 | 2 | @a博雅同文馆@Abo ya tong wen guan |
| 305 | @a据原书第2版译出。 | |
| 320 | @a有书目 (第246-255页) 和索引。 | |
| 330 | @a本书作者将起自俄国形式主义的纷繁复杂的20世纪西方文学理论革命梳理出从形式主义、结构主义到后结构主义, 从现象学、诠释学到接受美学以及精神分析理论三条主要的发展脉络对其产生和流变、问题和局限进行了深入分析。 | |
| 410 | 0 | @12001 @a博雅同文馆 |
| 500 | 10 | @aLiterary theory an introduction@mChinese |
| 606 | 0 | @a文学理论@Awen xue li lun@y西方国家@z20世纪 |
| 690 | @aI0@v4 | |
| 701 | 1 | @a伊格尔顿@Ayi ge er dun@g(Eagleton, Terry)@4著 |
| 702 | 0 | @a伍晓明@Awu xiao ming@4译 |
| 801 | 0 | @aCN@c20070926 |
| 905 | @dI0@eY489 | |
| 二十世纪西方文学理论= Literary theory an introduction/(英) 特雷·伊格尔顿著/伍晓明译.-北京:北京大学出版社,2007.01 |
| 290页;23cm.-(博雅同文馆) |
| ISBN 978-7-301-08984-2:CNY28.00 |
| 本书作者将起自俄国形式主义的纷繁复杂的20世纪西方文学理论革命梳理出从形式主义、结构主义到后结构主义, 从现象学、诠释学到接受美学以及精神分析理论三条主要的发展脉络对其产生和流变、问题和局限进行了深入分析。 |
| ● |
| 相关链接 |
|
|
|
正题名:二十世纪西方文学理论
索取号:I0/Y489
 
预约/预借
| 序号 | 登录号 | 条形码 | 馆藏地/架位号 | 状态 | 备注 |
| 1 | 247451 | 202474517 | 社科二线400B/400B社科库 20排1列6层/ [索取号:I0/Y489] | 在馆 |